Záverečný účet obce – výsledok rozpočtového hospodárenia

Spracovanie záverečného účtu obce, konkrétne vyčíslenie výsledku hospodárenia obce.

Uložené v:
Podrobná bibliografia
Hlavný autor: Konečná Veverková, Ingrid
Médium: Kapitola
Jazyk:Slovak
Predmet:
Tagy: Pridať tag
Žiadne tagy, Buďte prvý, kto otaguje tento záznam!

MARC

LEADER 00000naa a2200000 4500
001 0200757
005 20240426084056.2
041 0 |a slo 
044 |a SK 
245 1 0 |a Záverečný účet obce – výsledok rozpočtového hospodárenia  |c Ingrid Konečná Veverková 
520 |a Spracovanie záverečného účtu obce, konkrétne vyčíslenie výsledku hospodárenia obce. 
610 2 0 |a obce 
610 2 0 |a účet záverečný štátny 
610 2 0 |a účet záverečný obce 
610 2 0 |a hospodárenie finančné 
610 2 0 |a pravidlá rozpočtové 
100 1 |a Konečná Veverková, Ingrid